Методы и средства автоматического синтеза параллельных программ на базе теории структурных функциональных моделей; Известия Томского политехнического университета [Известия ТПУ]; Т. 312, № 5 : Управление, вычислительная техника и информатика

Bibliographische Detailangaben
Parent link:Известия Томского политехнического университета [Известия ТПУ]/ Томский политехнический университет (ТПУ).— , 2000-
Т. 312, № 5 : Управление, вычислительная техника и информатика.— 2008.— [С. 39-44]
1. Verfasser: Коваленко Д. А. Дмитрий Алексеевич
Zusammenfassung:Заглавие с титульного листа
Электронная версия печатной публикации
Рассматриваются методы и алгоритмы автоматического синтеза параллельной программы по заданным непроцедурным спецификациям. Исследуются подходы к синтезу параллельных программ с использованием ярусно-параллельной формы графа алгоритма. Приводится вычислительная сложность предлагаемых алгоритмов. Рассматриваются вопросы практической реализации разработанных подходов.
Sprache:Russisch
Veröffentlicht: 2008
Schriftenreihe:Управление, вычислительная техника и информатика
Schlagworte:
Online-Zugang:http://www.lib.tpu.ru/fulltext/v/Bulletin_TPU/2008/v312/i5/09.pdf
Format: MixedMaterials Elektronisch Buchkapitel
KOHA link:https://koha.lib.tpu.ru/cgi-bin/koha/opac-detail.pl?biblionumber=173266

MARC

LEADER 00000nla2a2200000 4500
001 173266
005 20231031164453.0
035 |a (RuTPU)RU\TPU\book\187926 
035 |a RU\TPU\book\187924 
090 |a 173266 
100 |a 20091222d2008 k y0rusy50 ca 
101 0 |a rus 
102 |a RU 
135 |a drnn ---uucaa 
181 0 |a i  
182 0 |a b 
200 1 |a Методы и средства автоматического синтеза параллельных программ на базе теории структурных функциональных моделей  |b Электронный ресурс  |f Д. А. Коваленко 
203 |a Текст  |c электронный 
215 |a 1 файл (422 Кб) 
225 1 |a Управление, вычислительная техника и информатика 
230 |a Электронные текстовые данные (1 файл : 422 Кб) 
300 |a Заглавие с титульного листа 
300 |a Электронная версия печатной публикации 
320 |a [Библиогр.: с. 44 (6 назв.)] 
330 |a Рассматриваются методы и алгоритмы автоматического синтеза параллельной программы по заданным непроцедурным спецификациям. Исследуются подходы к синтезу параллельных программ с использованием ярусно-параллельной формы графа алгоритма. Приводится вычислительная сложность предлагаемых алгоритмов. Рассматриваются вопросы практической реализации разработанных подходов. 
337 |a Adobe Reader 
461 1 |0 (RuTPU)RU\TPU\book\176237  |t Известия Томского политехнического университета [Известия ТПУ]  |f Томский политехнический университет (ТПУ)  |d 2000- 
463 1 |0 (RuTPU)RU\TPU\book\187914  |x 1684-8519  |t Т. 312, № 5 : Управление, вычислительная техника и информатика  |v [С. 39-44]  |d 2008  |p 164 с. 
610 1 |a автоматический синтез 
610 1 |a параллельные программы 
610 1 |a функциональные модели 
610 1 |a структурные модели 
610 1 |a спецификации 
610 1 |a графы 
610 1 |a практическая реализация 
610 1 |a труды учёных ТПУ 
610 1 |a электронный ресурс 
700 1 |a Коваленко  |b Д. А.  |c аспирант каф. оптимизации систем управления (ОСУ) АВТФ ТПУ  |f 1983-  |g Дмитрий Алексеевич  |2 stltpush  |3 (RuTPU)RU\TPU\pers\25399 
801 1 |a RU  |b 63413507  |c 20090623  |g PSBO 
801 2 |a RU  |b 63413507  |c 20211207  |g PSBO 
856 4 |u http://www.lib.tpu.ru/fulltext/v/Bulletin_TPU/2008/v312/i5/09.pdf 
942 |c CF